| 000 | 00743nam0a2200253 4500 | ||
|---|---|---|---|
| 001 | RU\NLR\BIBL_A\022095924 | ||
| 005 | 20250625120411.0 | ||
| 035 | _a(NLR Aleph) 022095924 | ||
| 090 |
_a13318881 _c13318881 |
||
| 100 | _a20231213d1970 |||y0rusy50 ca | ||
| 101 | 0 | _aava | |
| 102 | _aRU | ||
| 105 | _ay z 000 y | ||
| 181 | 0 |
_ai _baxxe |
|
| 182 | 0 | _an | |
| 200 | 1 |
_aПрописал _eавар букваралъе _fЗ.Къурбанов |
|
| 203 |
_aТекст _bвизуальный _cнепосредственный |
||
| 210 |
_aДагучпедгиз _d1970 |
||
| 215 |
_a47 c. _d22 |
||
| 790 | 1 |
_6z01541 _aКъурбанов _bЗ. _gЗаид _4070 |
|
| 852 |
_aNLR _bОНЛ _jАвар./3-552 |
||
| 942 | _cBOOK | ||
| 980 | _aNB | ||